000 01058cam a22002773 4500
001 FRBNF373237780000006
003 http://catalogue.bnf.fr/ark:/12148/cb37323778v
005 20241105151152.0
008 241105b |||||||| |||| 00| 0 eng d
020 _a0421616806
050 _aKD7499
_b.946 2000
245 _aPhipson On Evidence /
_cgeneral editor: M. N. Howard, M.A., B.C.L.
250 _aFifteenth Ed.
260 _aLondon
_bSweet & Maxwell Ltd
_cc2000
300 _acclxxii, 1634 pages
_bIndex
_c25cm
500 _aThe Common Law Library. The Law of Evidence. Phipson On Evidence.
650 _2Evidence
700 _aM . N. Howard
_cM.A., B.C.L.
_eeditor
700 _aRoderick Bagshaw
_cM.A., B.C.L.
_eeditor
700 _aPeter Crane
_cM.A., LL.M. (Cantab.), LL.M. (Tulane)
_eeditor
700 _aKatherine Grevling
_c LL.B., B.C.L., D.Phil.
_eeditor
700 _aDaniel Hochberg
_cM.A. (Oxon.)
_eeditor
700 _aCharles Hollander
_cM.A. (Cantab.)
_eeditor
700 _aPeter Mirfield
_cM.A., B.C.L.
_eeditor
942 _2lcc
_cBK
_e15th Ed.
_n0
999 _c646
_d646